000 00266nam a2200121 a 4500
008 100924s1982|||| d
100 1 _aDi Falco, Laura
245 1 0 _aMreže
260 _bSmena
_aBratislava
_c1982
020 _c30
044 _axo
_cSK
041 _aslo
999 _c10682
_d10682